000 00319nam a2200121Ia 4500
008 190415s9999 xx 000 0 und d
082 _aRL.0011
100 _aLallan Prasad
245 0 _aProblems of unorganized sector : An empirical study of zari industry of Banaras
260 _c1985
300 _av.p.
942 _cBK
999 _c18534
_d18534